00440nam a2200157Ia 450000500170000000800410001702000150005808200190007310000180009224500800011026000340019030000230022465000110024765000140025865000100027220250317070350.0240331s9999 xx 000 0 und d a1903457009 a301bGLU24875 aGlucksmann, M 0aCottons and Casuals:bThe Gendered Organization of Labour in Time and Space aDurham,bSociologypressc2000 avi, 188 p., (C II) aGender aEconomics aWomen